Thiết kế bài giảng Tiếng Việt 1 T.1

Αποθηκεύτηκε σε:
Λεπτομέρειες βιβλιογραφικής εγγραφής
Κύριος συγγραφέας: Phạm Thị Thu Hà
Μορφή: Βιβλίο
Γλώσσα:Undetermined
Έκδοση: H. Nxb. Hà Nội 2012
Θέματα:
Διαθέσιμο Online:http://lrc.tdmu.edu.vn/opac/search/detail.asp?aID=2&ID=16231
Ετικέτες: Προσθήκη ετικέτας
Δεν υπάρχουν, Καταχωρήστε ετικέτα πρώτοι!
Thư viện lưu trữ: Trung tâm Học liệu Trường Đại học Thủ Dầu Một
LEADER 00665nam a2200205Ia 4500
001 TDMU_16231
008 210410s9999 xx 000 0 und d
082 |a 495.922071 
090 |b PH104 
100 |a Phạm Thị Thu Hà 
245 0 |a Thiết kế bài giảng Tiếng Việt 1 
245 0 |c Phạm Thị Thu Hà 
245 0 |n T.1 
260 |a H. 
260 |b Nxb. Hà Nội 
260 |c 2012 
300 |a 306tr. 
650 |a Tiếng Việt  |x Thiết kế bài giảng; Sách lớp 1 
856 |u http://lrc.tdmu.edu.vn/opac/search/detail.asp?aID=2&ID=16231 
980 |a Trung tâm Học liệu Trường Đại học Thủ Dầu Một